Statistics for Cities in Scandinavia & Fennoscandia with a Map

Click here to take the quiz!

General Stats

  • This quiz has been taken 1,207 times
  • The average score is 15 of 22

Answers on the Map

Answers color-coded by a green-red scale on the quiz's map according to % correct below.
 

Answer Stats

CountryPopulationCity% Correct
Norway693,494Oslo
99%
Denmark632,340Copenhagen
98%
Finland653,835Helsinki
98%
Sweden974,073Stockholm
98%
Sweden344,166Malmö
92%
Sweden579,281Gothenburg
90%
Norway283,929Bergen
88%
Denmark349,983Aarhus
79%
Norway205,163Trondheim
74%
Finland192,962Turku
65%
Denmark217,075Aalborg
64%
Sweden230,767Uppsala
64%
Finland238,140Tampere
60%
Finland205,489Oulu
58%
Norway143,574Stavanger
57%
Denmark204,895Odense
56%
Finland289,731Espoo
48%
Sweden147,734Helsingborg
43%
Sweden163,051Linköping
41%
Sweden155,696Örebro
36%
Sweden154,049Västerås
32%
Finland233,775Vantaa
31%

Score Distribution

Percentile by Number Answered

Percent of People with Each Score

Your Score History

You have not taken this quiz